ბათუმის შოთა რუსთაველის სახელმწიფო უნივერსიტეტის ბიბლიოთეკა

ტურიზმის ბიზნესი = The tourism business : (ბიბ.ჩანაწერი № 41589)

000 -ლიდერი
ფიქსირებული სიგრძის საკონტროლო ველი 02089nam a2200349Ia 4500
001 - საკონტროლო ნომერი
საკონტროლო ველი 8257
003 - საკონტროლო ნომრის იდენტიფიკატორი
საკონტროლო ველი GE_BSU
005 - ბოლო ოპერაციის თარიღი და დრო
საკონტროლო ველი 20211126103913.0
008 - ფიქსირებული სიგრძის მონაცემთა ელემენტები - ზოგადი ინფორმაცია
ფიქსირებული სიგრძის საკონტროლო ველი 181216s2011||||ge |||||||||||||| ||geo||
020 ## - წიგნის საერთაშორისო სტანდარტული ნომერი
International Standard Book Number 9789941032813
040 ## - კატალოგიზაციის წყარო
Transcribing agency GE_BSU
041 ## - ენის კოდი
Language code of text/sound track or separate title geo
080 ## - უნივერსალური ათობითი კლასიფიკაციის ინდექსი
Universal Decimal Classification number 338.48(075.8) მ–59
100 ## - მთავარი ჩანაწერი - პიროვნების სახელი
Personal name მეტრეველი, მარინა
9 (RLIN) 13076
245 ## - ცნობა სათაურის შესახებ
Title ტურიზმის ბიზნესი = The tourism business :
Remainder of title (ინდუსტრია, მენეჯმენტი, მარკეტინგი) /
Statement of responsibility, etc მარინა მეტრეველი ; [სარედ. კოლ.: ირინა გოგორიშვილი [და სხვ.] ; თარგმ. ეკატერინე კიკვაძე (რუს., ინგლ.) ; ფოტოგრაფი ავთანდილ მეტრეველი].
250 ## - გამოცემის ცნობა
Edition statement 1-ლი გამოცემა
264 ## - წარმოების, გამოცემის, დისტრიბუციის და სხვა ცნობები
გამოცემის, წარმოების, დისტრიბუციის... ადგილი თბილისი :
გამოცემის, წარმოების, დისტრიბუციის... სახელწოდება შპს "ფავორიტი პრინტი",
გამოცემის, წარმოების, დისტრიბუციის... თარიღი 2011.
300 ## - ფიზიკური აღწერა
Extent 527 გვ.;
Other physical details სურ., ცხრ. ;
Dimensions 20 სმ.
500 ## - ზოგადი შენიშვნა
General note დანართები: გვ. 445-526.
504 ## - BIBLIOGRAPHY, ETC. NOTE
Bibliography, etc ბიბლიოგრ. თავების ბოლოს.
653 ## - INDEX TERM--UNCONTROLLED
Uncontrolled term ტურიზმის ბიზნესი
653 ## - INDEX TERM--UNCONTROLLED
Uncontrolled term ტურიზმის მართვა
700 ## - ADDED ENTRY--PERSONAL NAME
Personal name გოგორიშვილი, ირინა
Relator term რედაქტორი
9 (RLIN) 850
700 ## - ADDED ENTRY--PERSONAL NAME
Personal name ჯიბუტი, მიხეილ
Relator term რედაქტორი
9 (RLIN) 13077
700 ## - ADDED ENTRY--PERSONAL NAME
Personal name ონოფრიშვილი, დავით
Relator term რედაქტორი
9 (RLIN) 835
700 ## - ADDED ENTRY--PERSONAL NAME
Personal name წერეთელი, მარი
Relator term რედაქტორი
9 (RLIN) 13078
700 ## - ADDED ENTRY--PERSONAL NAME
Personal name კაკულია, ნაზირა
Relator term რედაქტორი
9 (RLIN) 13079
700 ## - ADDED ENTRY--PERSONAL NAME
Personal name კიკვაძე, ეკატერინე
Relator term მთარგმნელი
9 (RLIN) 12973
700 ## - ADDED ENTRY--PERSONAL NAME
Personal name მეტრეველი, ავთანდილ
Relator term ფოტო
9 (RLIN) 13080
942 ## - ADDED ENTRY ELEMENTS (KOHA)
Koha item type წიგნი
Source of classification or shelving scheme
ეგზემპლარები
ჩამოწერის სტატუსი დაკარგული ეგზემპლარის სტატუსი კლასიფიკაციის წყარო ან თაროზე გაწყობის სქემა დაზიანების სტატუსი არ გაიცემა მუდმივი მდებარეობა (დაცვის ადგილი) ამჟამინდელი ადგილსამყოფელი თაროზე განთავსების ადგილი შეძენის თარიღი ღირებულება, შესყიდვის ნორმალური ფასი სრული შენახვის შიფრი შტრიხკოდი ბოლო ოპერაციის თარიღი ეგზემპლარის მიმდევრობითი ნომერი (კეტერი?) ფასის ძალაში შესვლის თარიღი ეგზემპლარის სახეობა საჯარო შენიშვნა
          ბათუმის შოთა რუსთაველის სახელმწიფო უნივერსიტეტის მთავარი ბიბლიოთეკა ბათუმის შოთა რუსთაველის სახელმწიფო უნივერსიტეტის მთავარი ბიბლიოთეკა წიგნსაცავი 2018-12-17 40.00 338.48(075.8) მ–59 26590 2018-12-17 26590 2018-12-17 წიგნი 40 ლ.
          ბათუმის შოთა რუსთაველის სახელმწიფო უნივერსიტეტის მთავარი ბიბლიოთეკა ბათუმის შოთა რუსთაველის სახელმწიფო უნივერსიტეტის მთავარი ბიბლიოთეკა წიგნსაცავი 2018-12-17 40.00 338.48(075.8) მ–59 26591 2018-12-17 26591 2018-12-17 წიგნი 40 ლ.
          ბათუმის შოთა რუსთაველის სახელმწიფო უნივერსიტეტის მთავარი ბიბლიოთეკა ბათუმის შოთა რუსთაველის სახელმწიფო უნივერსიტეტის მთავარი ბიბლიოთეკა წიგნსაცავი 2018-12-17 40.00 338.48(075.8) მ–59 26592 2018-12-17 26592 2018-12-17 წიგნი 40 ლ.
          ბათუმის შოთა რუსთაველის სახელმწიფო უნივერსიტეტის მთავარი ბიბლიოთეკა ბათუმის შოთა რუსთაველის სახელმწიფო უნივერსიტეტის მთავარი ბიბლიოთეკა წიგნსაცავი 2018-12-17 40.00 338.48(075.8) მ–59 26593 2018-12-17 26593 2018-12-17 წიგნი 40 ლ.
          ბათუმის შოთა რუსთაველის სახელმწიფო უნივერსიტეტის მთავარი ბიბლიოთეკა ბათუმის შოთა რუსთაველის სახელმწიფო უნივერსიტეტის მთავარი ბიბლიოთეკა წიგნსაცავი 2018-12-17 40.00 338.48(075.8) მ–59 26594 2018-12-17 26594 2018-12-17 წიგნი 40 ლ.
          ბათუმის შოთა რუსთაველის სახელმწიფო უნივერსიტეტის მთავარი ბიბლიოთეკა ბათუმის შოთა რუსთაველის სახელმწიფო უნივერსიტეტის მთავარი ბიბლიოთეკა წიგნსაცავი 2021-11-26 20.00 338.48(075.8) მ–59 1018 2021-11-26 1018 2021-11-26 წიგნი 20 ლ.